Central Library OPAC University of Rajshahi

Athletics / (Record no. 17231)

MARC details
000 -LEADER
fixed length control field 00608nam a2200217 a 4500
001 - CONTROL NUMBER
control field 17231
003 - CONTROL NUMBER IDENTIFIER
rucl marc code BD-RjUL
005 - DATE AND TIME OF LATEST TRANSACTION
control field 20211209000116.0
008 - FIXED-LENGTH DATA ELEMENTS--GENERAL INFORMATION
fixed length control field 140216r1955 enka j 001 0 eng d
035 ## - SYSTEM CONTROL NUMBER
System control number (BD-RjUL) 17289
040 ## - CATALOGING SOURCE
Original cataloging agency BD-RjUL
Language of cataloging eng
Transcribing agency BD-RjUL
Modifying agency BD-RjUL
041 ## - LANGUAGE CODE
Language code of text/sound track or separate title eng
082 ## - DEWEY DECIMAL CLASSIFICATION NUMBER
Classification number 796
Author mark and year ATH 1955
245 10 - TITLE STATEMENT
Title Athletics /
Remainder of title Edited by Meyer, H.A.
260 ## - PUBLICATION, DISTRIBUTION, ETC. (IMPRINT)
Place of publication, distribution, etc. London :
Name of publisher, distributor, etc. J.M.Dent and Sons Ltd.,
Date of publication, distribution, etc. 1955.
300 ## - PHYSICAL DESCRIPTION
Pagination x, 375 p. :
Size 18 cm.
Illustrations illus. ;
500 ## - GENERAL NOTE
General note Includes index.
650 #0 - SUBJECT ADDED ENTRY--TOPICAL TERM
Topical term or geographic name as entry element Athletics
General subdivision Juvenile literature
9 (RLIN) 53125
700 1# - ADDED ENTRY--PERSONAL NAME
Personal name Davies, Lynn.
942 ## - ADDED ENTRY ELEMENTS (KOHA)
Source of classification or shelving scheme Dewey Decimal Classification
Koha item type Books
Holdings
Lost status Source of classification or shelving scheme Damaged status Not for loan Collection code Permanent Location Current Location Shelving location Date acquired Source of acquisition Cost, normal purchase price Total Checkouts Full call number Date last seen Copy number Koha item type
  Dewey Decimal Classification   Not For Loan Non-fiction Central Library, University of Rajshahi Central Library, University of Rajshahi Reading Room 29/02/1956 Black well 155.00   796 ATH 1955 16/02/2014 C-1 Books